000 00644nab a2200181 4500
001 90031
003 OSt
005 20230509114355.0
007 tu
008 110905s2000|||||||
040 _aDE-2950
_cDE-2950
245 0 0 _aNeues Restaurant zieht in die Lenné-Passagen ein.
_bEssen. In Frankfurt eröffnet demnächst ein neues Restaurant. Besitzer Elias Ehrenreich erzählt, was Gäste in seinem Lokal erwartet und wann die Eröffnung ist /
_cSelim Pekel
264 _c2023
653 _aFrankfurt (Oder)
653 _aGastronomie
773 0 _g34. Jahrgang (2023) Nr. 99, 28.04.2023, S. 16: mit Foto
_tMärkische Oderzeitung
942 _2z
_cA
999 _c372418
_d372418